Central Library OPAC University of Rajshahi

Beowulf and the Finnesburg fragment : (Record no. 63300)

MARC details
000 -LEADER
fixed length control field 00850nam a2200241 a 4500
001 - CONTROL NUMBER
control field 63300
003 - CONTROL NUMBER IDENTIFIER
rucl marc code BD-RjUL
005 - DATE AND TIME OF LATEST TRANSACTION
control field 20211209081159.0
008 - FIXED-LENGTH DATA ELEMENTS--GENERAL INFORMATION
fixed length control field 170129r19631950enk 00010 eng d
035 ## - SYSTEM CONTROL NUMBER
System control number (BD-RjUL)63429
040 ## - CATALOGING SOURCE
Original cataloging agency BD-RjUL
Language of cataloging eng
Transcribing agency BD-RjUL
041 0# - LANGUAGE CODE
Language code of text/sound track or separate title engang
082 ## - DEWEY DECIMAL CLASSIFICATION NUMBER
Edition number 23
Classification number 829
Author mark and year HAB 1963
245 10 - TITLE STATEMENT
Title Beowulf and the Finnesburg fragment :
Remainder of title a translation into modern English prose /
Statement of responsibility, etc. John R. Clark Hall.
260 ## - PUBLICATION, DISTRIBUTION, ETC. (IMPRINT)
Place of publication, distribution, etc. London :
Name of publisher, distributor, etc. Allen,
Date of publication, distribution, etc. 1950 [sixth impression 1963]
300 ## - PHYSICAL DESCRIPTION
Pagination 194 p. ;
Size 19 cm.
650 #0 - SUBJECT ADDED ENTRY--TOPICAL TERM
Topical term or geographic name as entry element English poetry
Chronological subdivision Old English, approximately 450-1100.
9 (RLIN) 188371
Topical term or geographic name as entry element Epic poetry, English (Old)
9 (RLIN) 188372
700 1# - ADDED ENTRY--PERSONAL NAME
Personal name Tolkien, J. R. R.
Fuller form of name (John Ronald Reuel),
Dates associated with a name 1892-1973.
Personal name Wrenn, C. L.
Fuller form of name (Charles Leslie),
Dates associated with a name 1895-
Personal name Clark Hall, John R.
942 ## - ADDED ENTRY ELEMENTS (KOHA)
Source of classification or shelving scheme Dewey Decimal Classification
Koha item type Books
Holdings
Lost status Source of classification or shelving scheme Damaged status Not for loan Collection code Permanent Location Current Location Shelving location Date acquired Source of acquisition Cost, normal purchase price Total Checkouts Full call number Date last seen Copy number Koha item type
  Dewey Decimal Classification   Not For Loan Non-fiction Central Library, University of Rajshahi Central Library, University of Rajshahi Reading Room 25/10/1965 Blalk well 15.00   829 HAB 1963 29/01/2017 C-1 Books